Cost benchmarks for the installation of building services. Part 3 : Protocol for recording building services installation costs (Record no. 101781)

MARC details
000 -LEADER
fixed length control field 00946cam a2200265 4500
008 - FIXED-LENGTH DATA ELEMENTS--GENERAL INFORMATION
fixed length control field 011119n1999 000 0 eng u
020 ## - INTERNATIONAL STANDARD BOOK NUMBER
International Standard Book Number 0860225445
035 ## - SYSTEM CONTROL NUMBER
System control number (Sirsi) u115628
050 ## - LIBRARY OF CONGRESS CALL NUMBER
Classification number 692.5
100 ## - MAIN ENTRY--PERSONAL NAME
Personal name Nanayakkara, R.
245 ## - TITLE STATEMENT
Title Cost benchmarks for the installation of building services. Part 3 : Protocol for recording building services installation costs
260 ## - PUBLICATION, DISTRIBUTION, ETC.
Place of publication, distribution, etc. Bracknell
Name of publisher, distributor, etc. BSRIA
Date of publication, distribution, etc. 1999
300 ## - PHYSICAL DESCRIPTION
Extent x,44p.
350 ## - PRICE (NR) (BK AM CF MU VM SE) [OBSOLETE]
Price 25.00
490 ## - SERIES STATEMENT
Series statement BSRIA Application Guide
Volume/sequential designation AG 20-3/99
520 ## - SUMMARY, ETC.
Summary, etc. Aims to provide a standard framework for keeping records of the capital costs of building services, and the factors that influence those costs
650 ## - SUBJECT ADDED ENTRY--TOPICAL TERM
Topical term or geographic name entry element BENCHMARKING
650 ## - SUBJECT ADDED ENTRY--TOPICAL TERM
Topical term or geographic name entry element Block management
9 (RLIN) 6220
650 ## - SUBJECT ADDED ENTRY--TOPICAL TERM
Topical term or geographic name entry element COST ANALYSIS
650 ## - SUBJECT ADDED ENTRY--TOPICAL TERM
Topical term or geographic name entry element COST DATA
690 ## - LOCAL SUBJECT ADDED ENTRY--TOPICAL TERM (OCLC, RLIN)
Topical term or geographic name as entry element Block management
9 (RLIN) 6220
700 ## - ADDED ENTRY--PERSONAL NAME
Personal name Fitzsimmons, J.
710 ## - ADDED ENTRY--CORPORATE NAME
Corporate name or jurisdiction name as entry element Building Services Research and Information Association
942 ## - ADDED ENTRY ELEMENTS (KOHA)
Suppress in OPAC 0
Holdings
Withdrawn status Lost status Source of classification or shelving scheme Damaged status Not for loan Home library Current library Shelving location Date acquired Cost, normal purchase price Total Checkouts Full call number Barcode Date last seen Date last checked out Copy number Cost, replacement price Price effective from Koha item type
    Dewey Decimal Classification     London London Folio 30/01/2002 25.50 3 F692.5 NAN 30065243 06/08/2019 23/03/2005 1 25.50 06/08/2019 Book